Programovanie priemyselných robotov

Guardado en:
Detalles Bibliográficos
Autor principal: Daneshjo, Naqibullah, 1964-
Formato: Capítulo de libro
Lenguaje:eslovaco
Etiquetas: Agregar Etiqueta
Sin Etiquetas, Sea el primero en etiquetar este registro!

MARC

LEADER 00000naa a2200000 4500
001 0189952
005 20240502073210.7
041 0 |a slo 
044 |a SK 
245 1 0 |a Programovanie priemyselných robotov  |c Naqibullah Daneshjo 
100 1 |a Daneshjo, Naqibullah, 1964-